| 000 | 01118aab a2200217 4500 | ||
|---|---|---|---|
| 001 | 768714001 | ||
| 003 | CO-MdFUSB | ||
| 005 | 20240614094046.0 | ||
| 008 | 170524s2000 cr ||||| |||| 00| 0 spa d | ||
| 022 | _a1409-1968 | ||
| 040 |
_aCO-MdFUSB _bspa _cCO-MdFUSB _dCO-MdFUSB |
||
| 041 | _aspa | ||
| 100 | 1 |
_aWittig, Randall M. _eautor |
|
| 245 | 1 | 0 |
_aAyudas en la crisis de separación : _bsugerencias para pastorear a un recién separado _c/ Randall M. Wittig |
| 300 |
_aVolumen 17. Número 4 (2000), páginas 14-20 _c: 27 cm. |
||
| 520 | _aHoy por hoy hablar de separación y divorcio no es una cuestión meramente teológica y académica, se ha convertido en el plato del día. La gran pregunta es: ¿Cómo ayudar a los que han sufrido el derrumbe de sus matrimonios y los consecuentes sentimientos de culpa, resentimiento, fracaso personal y pérdida de la persona que aman? Para muchos, la separación, es peor que la muerte del cónyuge. | ||
| 650 | 0 |
_aDivorcio _9786 |
|
| 773 | 0 |
_tApuntes Pastorales _049442 _960145 _gVolumen 17. Número 4 (2000), páginas 14-20 _qPágina 14 |
|
| 942 | _cANA | ||
| 945 | _aJTF-925 | ||
| 999 |
_c60066 _d60066 |
||